Top 10 GDP Countries 2000-2050 - Statistics

General Stats
  • This quiz has been taken 383 times
  • The average score is 10 of 10
Answer Stats
Answer % Correct
2 USA
100%
1 China
99%
9 France
98%
7 UK
98%
8 Germany
97%
3 India
97%
4 Japan
97%
6 Russia
93%
5 Brazil
91%
10 Italy
86%
No matching quizzes found
Score Distribution
Percent of People with Each Score
Percentile by Number Answered
Your Score History
You have not taken this quiz